000 00518nam a22002171a 4500
001 845
003 OSt
005 20260204211711.0
008 040114s1987||||ag ||||||b||||||||||spa||
020 _a950141257
050 _a344.01 K91m
082 _a344.01 K91m
100 _aKrotoschin, Ernesto
245 _aManual de derecho de trabajo / Ernesto Krotoschin
250 _a3
264 _aArgentina : De Palma
300 _a355 p.
500 _aIncluye indice
650 _a1.Derecho LaboralÌ
942 _2ddc
_cBK
999 _c845
_d845